Novela opatrenia č. 23054/2002-92, ktorým sa ustanovujú podrobnosti o postupoch účtovania a rámcovej osnove pre podnikateľov účtujúcich v sústave podvojného účtovníctva s účinnosťou od 20. marca 2009
Zmeny, ktoré novela prináša, týkajúce sa zriaďovacích nákladov ako súčasti dlhodobého hmotného majetku, ustanovenia o dočasnom používaní stavby na skúšobnú prevádzku a ďalšie zmeny.
Guardado en:
| Autor principal: | |
|---|---|
| Formato: | Capítulo de libro |
| Lenguaje: | eslovaco |
| Materias: | |
| Etiquetas: |
Sin Etiquetas, Sea el primero en etiquetar este registro!
|
MARC
| LEADER | 00000naa$a2200000$$$4500 | ||
|---|---|---|---|
| 001 | 0095083 | ||
| 005 | 20240502072046.8 | ||
| 041 | 0 | |a slo | |
| 044 | |a SK | ||
| 245 | 1 | 0 | |a Novela opatrenia č. 23054/2002-92, ktorým sa ustanovujú podrobnosti o postupoch účtovania a rámcovej osnove pre podnikateľov účtujúcich v sústave podvojného účtovníctva s účinnosťou od 20. marca 2009 |c Renáta Feketeová |
| 520 | |a Zmeny, ktoré novela prináša, týkajúce sa zriaďovacích nákladov ako súčasti dlhodobého hmotného majetku, ustanovenia o dočasnom používaní stavby na skúšobnú prevádzku a ďalšie zmeny. | ||
| 610 | 2 | 0 | |a legislatíva |
| 610 | 2 | 0 | |a novelizácia |
| 610 | 2 | 0 | |a účtovníctvo podvojné |
| 610 | 2 | 0 | |a majetok dlhodobý |
| 610 | 2 | 0 | |a majetok hmotný |
| 610 | 2 | 0 | |a náklady |
| 610 | 2 | 0 | |a položky opravné |
| 100 | 1 | |a Feketeová, Renáta, 1974- | |